| 000 | 00652nam a2200193Ia 4500 | ||
|---|---|---|---|
| 003 | GCL | ||
| 008 | 140319s9999 xx 000 0 ara d | ||
| 020 | _a8179960 | ||
| 040 |
_aGCL / _cGCL |
||
| 082 | 0 | 4 |
_a371.302814 _bع د |
| 100 | 1 | _aعبدالرحمن اسماعيل الشعبان | |
| 245 | 1 | 0 |
_aدليل المعلم المبتدئ / _cعبدالرحمن اسماعيل الشعبان |
| 260 |
_aالقاهرة : _bدار عالم الكتب للنشر والتوزيع ، _c1995 |
||
| 300 |
_a86 ص ؛ _c24 سم |
||
| 650 | 0 | 4 | _aالتعليم |
| 650 | 0 | 4 | _aالتدريس |
| 650 | 0 | 4 | _aالتعليم - المدرسون |
| 942 |
_2ddc _cBK |
||
| 999 |
_c41633 _d41633 |
||